Name Every Song From the Clancy Album - TØP - Statistics

General Stats
  • This quiz has been taken 22 times
  • The average score is 12 of 13
Answer Stats
Hint Answer % Correct
Song 4 Midwest Indigo
100%
Song 1 Overcompensate
100%
Song 12 At The Risk Of Feeling Dumb
93%
Song 9 Navigating
93%
Song 2 Next Semester
93%
Song 11 Oldies Station
93%
Song 13 Paladin Strait
93%
Song 5 Routines In The Night
93%
Song 10 Snap Back
93%
Song 7 The Craving (Jenna's Version)
93%
Song 6 Vignette
93%
Song 3 Backslide
86%
Song 8 Lavish
86%
No matching quizzes found
Score Distribution
Percent of People with Each Score
Percentile by Number Answered
Your Score History
You have not taken this quiz